000 nam a22 7a 4500
999 _c10753
_d10753
008 180223b ||||| |||| 00| 0 eng d
100 _aGupta,R.G.
_96599
245 _aComposite Mathematics for us-III
260 _aH.P.
_bArya
_c2013